000 00681nam a2200253Ia 4500
003 OSt
005 20221007100936.0
006 a|||||r|||| 00| 0
007 ta
008 221006b |||||||| |||| 00| 0 eng d
024 _a5,505
037 _cTextual
040 _aLCO
_cLCO
_beng
041 _2eng
_aeng
082 _aV2:2:(Z,81), K7
100 _aRAMACHANDRAN V G
245 0 _aContempt of court under the constitution
260 _aDelhi
_bEastern Book Co.
_c1967
300 _a959
650 _aCONSTITUTION
700 _a GOPALAN V R
_9702338
942 _hV2:2:(Z,81), K7
_cTEXL
999 _c1175068
_d1175068